Công nghệ vi sinh

Cơ sở hoá sinh, di truyền của công nghệ vi sinh; Những nguyên tắc cơ bản của nuôi cấy vi sinh vật công nghiệp; Vi sinh vật trong sản xuất rượu, bia, các chế phẩm từ sữa; Thu nhận protein từ vi sinh vật; Sử dụng vi sinh vật phòng chống côn trùng và các bệnh có hại cho cây trồng; Vi sinh vật với quá t...

Cijeli opis

Spremljeno u:
Bibliografski detalji
Glavni autor: Trần Thị Thanh
Format: Knjiga
Jezik:Vietnamese
Izdano: H. Giáo dục 2011
Izdanje:Tái bản lần thứ nhất
Teme:
Oznake: Dodaj oznaku
Bez oznaka, Budi prvi tko označuje ovaj zapis!
Thư viện lưu trữ: Mạng thư viện Đại học Đà Nẵng
LEADER 01493nam a2200349 4500
001 000008963
003 5157
005 20121031091059.0
008 111024s2011 viesd
020 |c 14500đ 
041 0 |a vie 
082 |a 660.6  |b TR-T 
100 0 |a Trần Thị Thanh 
245 0 |a Công nghệ vi sinh  |c Trần Thị Thanh 
250 |a Tái bản lần thứ nhất 
260 |a H.  |b Giáo dục  |c 2011 
300 |a 167tr  |c 24cm 
504 |a Mục lục tr167 
520 |a Cơ sở hoá sinh, di truyền của công nghệ vi sinh; Những nguyên tắc cơ bản của nuôi cấy vi sinh vật công nghiệp; Vi sinh vật trong sản xuất rượu, bia, các chế phẩm từ sữa; Thu nhận protein từ vi sinh vật; Sử dụng vi sinh vật phòng chống côn trùng và các bệnh có hại cho cây trồng; Vi sinh vật với quá trình xử lý ô nhiễm môi trường nước 
653 |a Công nghệ vị sinh 
653 |a Công nghệ sinh học 
910 |a Thương  |d 24/10/2011 
OWN |a LSP 
AVA |a UDN50  |b LSP  |d 660.6 TR-T  |e check_holdings  |t Error 5003 Not defined in file expand_doc_bib_avail.  |h N  |k 1 
999 |a From the UDN01 
AVA |a UDN50  |b LSP  |d 660.6 TR-T  |e available  |t Error 5001 Not defined in file expand_doc_bib_avail.  |f 25  |g 1  |h N  |i 19  |k 1 
TYP |a Monograph 
TYP |a Printed language 
980 |a Mạng thư viện Đại học Đà Nẵng